00565cam a22001932 4500001001100000005001700011008004100028020002800069040001500097050002300112100003000135245003000165250001200195260004100207300001700248500003200265650003500297650003900332000000167320151217151824.0070321s xx 000 0 eng d a0324186266 :cKES 6,398 aKABUcKABU 0aHD30.28b.M33 20041 aMadura, Jeff.@000015061610aIntroduction to business. a3rd ed. aMason, Ohio :bSouth-Western,c2004. axxxv, 716 p. aWith Business plan package. 0aBusiness planning.@0000150583 0aIndustrial management.@0000149957